Unbekannteste Länder - Statistiken

Allgemein
  • Dieses Quiz wurde 281 mal gespielt
  • Das Durchschnittsergebnis liegt bei 11 aus 16
Antwortstatistiken
% Land % Korrekt
28% St. Kitts und Nevis
77%
28% Tuvalu
77%
28% Palau
76%
25% Nauru
75%
27% St. Vincent und die Grenadinen
74%
28% Marshallinseln
71%
29% Tonga
70%
26% Vanuatu
70%
26% Kiribati
67%
25% Salomonen
66%
27% Samoa
64%
30% Osttimor
63%
26% São Tomé und Príncipe
63%
27% Antigua und Barbuda
60%
26% Grenada
59%
27% Komoren
58%
Keine übereinstimmenden Quizze gefunden
Verteilung der Resultate
Anzahl Personen mit jedem Resultat
Perzentil nach korrekt beantworteten Fragen
Ihre Resultats-Entwicklung
Sie haben dieses Quiz noch nicht gespielt